000 00853nam a2200253 u 4500
005 20240924071309.0
008 150824s2005 es r 000 0 spa d
020 _a8431648678
035 _aUPN01000205352
049 _aI
050 4 _aPZ74.9
_bR6.58
100 1 _aRodríguez Jordana, Carmen
_937943
245 1 4 _aLos muñecos de Iñigo y Begoña /
_cCarmen Rodríguez Jordana, Ana Fernández Buñuel.
260 _aBarcelon, Esp. :
_bVicens Vives,
_c2005.
300 _a23 p. :
_bil. col.
440 0 _aCuentos de apoyo a la lectura y escritura ;
_v16
500 _a"En este cuento se trabaja la letra Ñ"
650 4 _aLiteratura infantil
_94445
650 4 _aMUÑECAS (JUGUETES)
_97399
650 7 _aJuguetes
_vCuentos y leyendas
_2
_922474
700 1 _aFernández Buñuel, Ana,
_ecoaut.
_942857
905 _aInfantil
999 _c177453
_d177453